000 00601nam a22001817a 4500
003 UA-OsUOA
001 9879
007 ta
008 20041129b un ||||| |||| 00| 0 ukr d
100 _aХилюк М.
942 _cSA
040 _aUA-OsUOA
_cUA-OsUOA
_dUA-OsUOA
245 _aЦвіт душі мого народу
_bФольклор і міфологія поліщуків у драмі-феєрії Лесі Українки " Лісова пісня "
300 _aС.43-45
955 _a0
773 0 _w0
_tДИВОСЛОВО
_d2004
_dN11
650 7 _aЛітературознавство
_2UDC
999 _c296040
_d296040